| 000 | 00344nam a22001457a 4500 | ||
|---|---|---|---|
| 003 | CEME | ||
| 005 | 20210628202248.0 | ||
| 008 | 210301b xxu||||| |||| 00| 0 eng d | ||
| 040 | _c. | ||
| 082 | _a891.4393 TAR | ||
| 100 |
_aTariq Ismail Sagar _99439 |
||
| 245 | _aTarget pakistan tha | ||
| 650 |
_aURDU ADAB-NOVEL. _920918 |
||
| 942 |
_cBK _2ddc |
||
| 999 |
_c569118 _d569118 |
||